| 000 | 00688nam a2200229Ia 4500 | ||
|---|---|---|---|
| 003 | OSt | ||
| 005 | 20241004151952.0 | ||
| 008 | 210210b1995 xxu||||| |||| 00| 0 eng d | ||
| 040 | _cAL | ||
| 041 | _aKonkani | ||
| 082 | _a891.467 SIJC | ||
| 100 |
_aSIJYES THAKODE _dಸಿಜ್ಯ್ ಸ್ ತಾಕೊಡೆ _9181435 |
||
| 245 |
_aChirmulyo: vinchnar vinod _bಚಿರ್ಮುಲ್ಯೊ: ವಿಂಚ್ನಾರ್ ವಿನೋದ್ |
||
| 260 |
_aMangalur _bRakno Prakashan. _c1995 |
||
| 300 | _a113 | ||
| 650 |
_avinod _9181436 |
||
| 650 |
_avinchnar _9181437 |
||
| 650 |
_aChirmulyo: _9181438 |
||
| 690 |
_aKonkani Humour _9181439 |
||
| 906 | _a063836 | ||
| 942 |
_2ddc _cBK |
||
| 999 |
_c138976 _d138976 |
||